De los negocios jurídicos en el derecho privado Colombiano : (Registro nro. 20086)

Detalles MARC
000 -LEADER
fixed length control field 01721nam a2200325 4500
001 - CONTROL NUMBER
control field 0000021761
003 - CONTROL NUMBER IDENTIFIER
control field CO-CtgCURN
005 - DATE AND TIME OF LATEST TRANSACTION
control field 20250514173044.0
008 - FIXED-LENGTH DATA ELEMENTS--GENERAL INFORMATION
fixed length control field 160627s2004 000 0 eng d
020 ## - INTERNATIONAL STANDARD BOOK NUMBER
International Standard Book Number 9586762556
040 ## - CATALOGING SOURCE
Original cataloging agency CO-CtgCURN
Language of cataloging spa
Transcribing agency coctgcurn
082 0# - DEWEY DECIMAL CLASSIFICATION NUMBER
Classification number 346.022
Item number B646n
100 1# - MAIN ENTRY--PERSONAL NAME
Personal name Bohorquez Orduz, Antonio.
245 17 - TITLE STATEMENT
Title De los negocios jurídicos en el derecho privado Colombiano :
Remainder of title generalidades contractuales /
Statement of responsibility, etc. Antonio Bohorquez Orduz.
260 ## - PUBLICATION, DISTRIBUTION, ETC.
Place of publication, distribution, etc. Bogotá :
Name of publisher, distributor, etc. Ediciones Doctrina y Ley,
Date of publication, distribution, etc. 2004.
300 ## - PHYSICAL DESCRIPTION
Extent xi, 343 p.
336 ## - CONTENT TYPE
Source rdacontent
337 ## - MEDIA TYPE
Source rdamedia
Media type term sin mediacion
Media type code n
338 ## - CARRIER TYPE
Source rdacarrier
Carrier type term volumen
Carrier type code nc
500 ## - GENERAL NOTE
General note Incluye nota al pie del texto.
504 ## - BIBLIOGRAPHY, ETC. NOTE
Bibliography, etc. note Bibliografia (p. 341-343)
505 8# - FORMATTED CONTENTS NOTE
Formatted contents note Nocion de contrato.--Constitucion política y negociacion privada.--Principios generales de contratacion.--Reglas para la interpretacion de los contratos.--Clausulas acidentales de uso frecuente.--Contratos y representacion.--Cesion de creditos y representacion.--Contratos privados celebrados por el estado.--Contratos forzados.--La teoria de la imprevicion contractual.--El abuso del derecho en los contratos.--Responsavilidad civil contractual.--Ineficacia y prestaciones mutuas.--vias de acceso a la celebracion de contratos
650 #0 - SUBJECT ADDED ENTRY--TOPICAL TERM
Topical term or geographic name entry element Responsabilidad social de los negocios.
908 ## - PUT COMMAND PARAMETER (RLIN)
Put command parameter 160627
942 ## - ADDED ENTRY ELEMENTS (KOHA)
Koha item type Libros
Classification part 346.022
Item part B646n
Source of classification or shelving scheme Dewey Decimal Classification
Suppress in OPAC No
Existencias
Withdrawn status Lost status Source of classification or shelving scheme Damaged status Not for loan Collection Home library Current library Shelving location Date acquired Inventory number Total checkouts Full call number Barcode Date last seen Copy number Price effective from Koha item type Public note
    Dewey Decimal Classification     General Miguel Henríquez Castañeda Miguel Henríquez Castañeda General 03/04/2019 005071   346.022 B646n 005071 03/04/2019 v.2 ej.1 03/04/2019 Libros 340-DEREC
    Dewey Decimal Classification     General Miguel Henríquez Castañeda Miguel Henríquez Castañeda General 03/04/2019 005072   346.022 B646n 005072 03/04/2019 v.2 ej.2 03/04/2019 Libros 340-DEREC
    Dewey Decimal Classification       Miguel Henríquez Castañeda Miguel Henríquez Castañeda General 03/04/2019 005073   346.022 B646n 005073 03/04/2019 v.2 ej.3 03/04/2019 Libros 340-DEREC
    Dewey Decimal Classification       Miguel Henríquez Castañeda Miguel Henríquez Castañeda General 03/04/2019 005074   346.022 B646n 005074 03/04/2019 v.2 ej.4 03/04/2019 Libros 340-DEREC